[Event "Padova op-A 5th"]
[Site "Padova"]
[Date "2002.12.22"]
[Round "6.38"]
[White "Tinnirello, Mario"]
[Black "Halili, Genti"]
[Result "1-0"]
[WhiteElo "1624"]
[BlackElo "1500"]
[PlyCount "97"]
[EventDate "2002.12.14"]
[EventType "swiss"]
[EventRounds "6"]
[EventCountry "ITA"]
[SourceTitle "EXT 2023"]
[Source "ChessBase"]
[SourceDate "2022.10.05"]
[SourceVersion "1"]
[SourceVersionDate "2022.10.05"]
[SourceQuality "1"]

1. e4 c5 2. Nf3 e6 3. d4 cxd4 4. Nxd4 Nc6 5. Be3 Nf6 6. Nc3 Bb4 7. f3 0-0 8. a3 Bxc3+ 9. bxc3 d5 10. Nxc6 bxc6 11. e5 Nd7 12. f4 f6 13. Bd3 fxe5 14. fxe5 Nxe5 15. Bxh7+ Kxh7 16. Qh5+ Kg8 17. Qxe5 Qf6 18. Qxf6 Rxf6 19. Kd2 Ba6 20. h4 Raf8 21. Bxa7 Rg6 22. Rhg1 Rf4 23. g3 Rf3 24. g4 Rf4 25. Rae1 Rfxg4 26. Rxg4 Rxg4 27. Rxe6 Bb5 28. h5 Rg2+ 29. Kc1 Kf7 30. Re5 Rh2 31. Bd4 g6 32. hxg6+ Kxg6 33. Re7 Re2 34. Ra7 Re8 35. a4 Bc4 36. a5 Kf5 37. a6 Ke6 38. Kb2 Rc8 39. Bc5 Kf6 40. Ka3 Bb5 41. Kb4 Re8 42. Re7 Bxa6 43. Rxe8 Bb5 44. Ka5 Kf5 45. Kb6 Kf4 46. Rc8 Ba4 47. Rxc6 Bxc2 48. Re6 Kf5 49. Re7 1-0